LEADER 00842nam a2200217 i 4500 001 000000163813 003 CaOOAMICUS 005 20070820000000.0 008 070820s1950 it u000 u ita u 013 $a141180 040 $aSeMil$bita 100 1 $aCozzani, Ettore,$d<1884-1971>.$0(OLS)http://semarc/name/10416 245 10$aFoscolo :$bil poeta civile "dei sepolcri" /$cEttore Cozzani. 260 $aMilano :$bL'eroica,$ccopyr. 1950. 300 $a138 p. ;$c19 cm. 600 14$aFoscolo, Ugo <1778-1827>.$0(OLS)http://semarc/subject/5620 850 $aSeMil 852 $aSeMil$W1$xVenegono$y1$m1O I 193$j248006$B115107$CSeMilBibl$Z2$F125959 $81 961 $aRecupero: Altro 996 $6245$aFoscolo :$bil poeta civile "dei sepolcri"$9(OLS)http://semarc/title/233723 996 $6260$aMilano :$bL'eroica$9(OLS)http://semarc/publisher/34836 LEADER 00734nam a2200193 i 4500 001 000000224819 003 CaOOAMICUS 005 20131112000000.0 008 131112s1953 it u000 u eng u 013 $a203717 040 $aSeMil$bita 245 10$aIllustrations. 300 $aXXXV, 1 v. :$bill., 9 p. 490 0 $aBollingen series ;$v37. 773 0 $aGoodenough, Erwin Ramsdell <1893-1965>$tJewish Symbols in the Greco-Roman Period.$dNew York : Pantheon Books, copyr. 1953.$gVolume3$w()29105 830 0$aBollingen series ;$v37.$0(OLS)http://semarc/title/22671 850 $aSeMil 852 $aSeMil$W1$xVenegono$y1$m2V VI 83$j175165$B175165$CSeMilBibl$Z2$F185124 $81 996 $6245$aIllustrations$9(OLS)http://semarc/title/322132